[Event "19. Open de la Constitución 2017"]
[Site "San Sebastian de los Reyes ES"]
[Date "2017.12.07"]
[Round "6.32"]
[White "Garcia Lopez, Fernando"]
[Black "Mehalingam, Karunanithi"]
[Result "1-0"]
[WhiteElo "1573"]
[BlackElo "1490"]
[PlyCount "67"]
[EventDate "2017.12.02"]
[EventType "swiss"]
[EventRounds "9"]
[EventCountry "ESP"]
[SourceTitle "Ajedrez en Madrid"]
[Source "lmi"]
[SourceDate "2017.12.02"]
[SourceVersion "1"]
[SourceVersionDate "2017.12.16"]
[SourceQuality "1"]

1. e4 c5 2. Nf3 d6 3. d4 cxd4 4. Nxd4 Nf6 5. Nc3 a6 6. Bg5 e5 7. Nb3 Be7 8.
Bxf6 Bxf6 9. Nd5 O-O 10. Be2 Nc6 11. Bg4 Be6 12. Bxe6 fxe6 13. Ne3 Rc8 14. Qg4
Qe7 15. c3 Bg5 16. Nc4 Rf4 17. Qe2 Rxe4 18. Qxe4 d5 19. Qe2 dxc4 20. Qxc4 Qd7
21. Qe2 Qd5 22. O-O e4 23. Rad1 Qe5 24. Nd2 e3 25. f4 Bxf4 26. Nf3 Qc5 27. Ne1
Bc7 28. Nc2 Bb6 29. Rfe1 Ne5 30. Kh1 Qc7 31. Nxe3 Bxe3 32. Qxe3 Ng4 33. Qxe6+
Kh8 34. Qe8+ 1-0

[Event "19. Open de la Constitución 2017"]
[Site "San Sebastian de los Reyes ES"]
[Date "2017.12.07"]
[Round "6.33"]
[White "Vallespin Morales, Antonio"]
[Black "Quintero Cuervo, Edgar"]
[Result "0-1"]
[WhiteElo "1388"]
[BlackElo "1566"]
[PlyCount "56"]
[EventDate "2017.12.02"]
[EventType "swiss"]
[EventRounds "9"]
[EventCountry "ESP"]
[SourceTitle "Ajedrez en Madrid"]
[Source "lmi"]
[SourceDate "2017.12.02"]
[SourceVersion "1"]
[SourceVersionDate "2017.12.16"]
[SourceQuality "1"]

1. e4 c5 2. Nf3 d6 3. d4 cxd4 4. Nxd4 Nf6 5. Nc3 Nbd7 6. Bd3 a6 7. O-O g6 8.
Re1 Bg7 9. Nf3 O-O 10. Bc4 b5 11. Bb3 Nc5 12. Bd5 Nxd5 13. exd5 Bb7 14. Rb1 Rc8
15. Ne4 Nxe4 16. Rxe4 e6 17. Re1 Bxd5 18. c3 Qb6 19. Be3 Qb7 20. Nh4 Rc4 21. g3
Bf6 22. Bd4 Bxh4 23. gxh4 e5 24. Qg4 exd4 25. cxd4 Bf3 26. Qg3 Rxd4 27. Re3 Rg4
28. Rxf3 Qxf3 0-1

[Event "19. Open de la Constitución 2017"]
[Site "San Sebastian de los Reyes ES"]
[Date "2017.12.07"]
[Round "6.34"]
[White "Martin Rodriguez, Jose Luis"]
[Black "Busto Alvarez, Francisco"]
[Result "1-0"]
[WhiteElo "1293"]
[BlackElo "1200"]
[PlyCount "101"]
[EventDate "2017.12.02"]
[EventType "swiss"]
[EventRounds "9"]
[EventCountry "ESP"]
[SourceTitle "Ajedrez en Madrid"]
[Source "lmi"]
[SourceDate "2017.12.02"]
[SourceVersion "1"]
[SourceVersionDate "2017.12.16"]
[SourceQuality "1"]

1. d4 Nf6 2. Bf4 d5 3. e3 e6 4. Nf3 Nc6 5. a3 a6 6. Ne5 Nxe5 7. Bxe5 Bd6 8. Bg3
O-O 9. Nd2 c6 10. Be2 c5 11. Nf3 b5 12. Ne5 Bxe5 13. Bxe5 Ne4 14. b4 c4 15. O-O
f6 16. Bg3 Bb7 17. h3 Nc3 18. Qe1 Ne4 19. Bh2 c3 20. Rd1 a5 21. f3 Nd2 22. Rxd2
cxd2 23. Qxd2 e5 24. Bxb5 Qe7 25. Re1 axb4 26. Qxb4 Qxb4 27. axb4 Ra2 28. Rc1
Rb2 29. c3 Rc8 30. dxe5 Rxb4 31. cxb4 Rxc1+ 32. Kf2 Rb1 33. exf6 gxf6 34. Bd6
Kg7 35. g4 Rb2+ 36. Kg3 Kf7 37. Kf4 Ke6 38. Bc5 Rh2 39. Kg3 Rb2 40. Bd3 d4 41.
exd4 Bd5 42. Bf5+ Kf7 43. Be4 Bxe4 44. fxe4 Rb3+ 45. Kh4 Kg6 46. d5 Rf3 47. d6
h5 48. b5 Rf4 49. d7 hxg4 50. hxg4 f5 51. exf5+ 1-0

[Event "19. Open de la Constitución 2017"]
[Site "San Sebastian de los Reyes ES"]
[Date "2017.12.08"]
[Round "7.1"]
[White "Pastor Alonso De Prado, Alberto"]
[Black "Hernando Pertierra, Jose C"]
[Result "0-1"]
[WhiteElo "2166"]
[BlackElo "2355"]
[PlyCount "74"]
[EventDate "2017.12.02"]
[EventType "swiss"]
[EventRounds "9"]
[EventCountry "ESP"]
[SourceTitle "Ajedrez en Madrid"]
[Source "lmi"]
[SourceDate "2017.12.02"]
[SourceVersion "1"]
[SourceVersionDate "2017.12.16"]
[SourceQuality "1"]

1. e4 g6 2. d4 Bg7 3. Nf3 d6 4. Be2 a6 5. O-O Nf6 6. Nc3 O-O 7. Re1 Nc6 8. h3
b5 9. Bf1 Nd7 10. a4 b4 11. Nb1 e5 12. c3 bxc3 13. bxc3 exd4 14. cxd4 Nb4 15.
a5 c5 16. Ra4 Nc6 17. Bf4 Nxd4 18. Bxd6 Ne5 19. Nxd4 Qxd6 20. Nf5 Qxd1 21. Ne7+
Kh8 22. Rxd1 Bb7 23. f4 Nc6 24. Nxc6 Bxc6 25. Rc4 Rfd8 26. Rxd8+ Rxd8 27. e5
Bb5 28. Rc1 Bxf1 29. Kxf1 g5 30. Rxc5 Bf8 31. Rc1 gxf4 32. Kf2 Rd5 33. Rc8 Kg7
34. Re8 Bb4 35. Rb8 Bxa5 36. Kf3 Rxe5 37. Ra8 Bb4 0-1

[Event "19. Open de la Constitución 2017"]
[Site "San Sebastian de los Reyes ES"]
[Date "2017.12.08"]
[Round "7.2"]
[White "Lianes Garcia, Marcos"]
[Black "Sosa, Tomas"]
[Result "1/2-1/2"]
[WhiteElo "2300"]
[BlackElo "2460"]
[PlyCount "38"]
[EventDate "2017.12.02"]
[EventType "swiss"]
[EventRounds "9"]
[EventCountry "ESP"]
[SourceTitle "Ajedrez en Madrid"]
[Source "lmi"]
[SourceDate "2017.12.02"]
[SourceVersion "1"]
[SourceVersionDate "2017.12.16"]
[SourceQuality "1"]

1. d4 d5 2. c4 e6 3. Nc3 Bb4 4. Nf3 Nf6 5. Qa4+ Nc6 6. e3 O-O 7. Bd2 a6 8. Qc2
Re8 9. Be2 dxc4 10. Bxc4 Bd6 11. a3 h6 12. Be2 e5 13. d5 Ne7 14. e4 c6 15. dxc6
Nxc6 16. Be3 Be6 17. Rd1 Ng4 18. Qd3 Nxe3 19. Qxe3 Qc7 1/2-1/2

[Event "19. Open de la Constitución 2017"]
[Site "San Sebastian de los Reyes ES"]
[Date "2017.12.08"]
[Round "7.3"]
[White "Martin Duque, Jesus"]
[Black "Suarez Uriel, Adrian"]
[Result "1-0"]
[WhiteElo "2376"]
[BlackElo "2402"]
[PlyCount "50"]
[EventDate "2017.12.02"]
[EventType "swiss"]
[EventRounds "9"]
[EventCountry "ESP"]
[SourceTitle "Ajedrez en Madrid"]
[Source "lmi"]
[SourceDate "2017.12.02"]
[SourceVersion "1"]
[SourceVersionDate "2017.12.16"]
[SourceQuality "1"]

1. e4 c5 2. Nf3 g6 3. c4 Nc6 4. d4 cxd4 5. Nxd4 Bg7 6. Be3 Nf6 7. Nc3 d6 8. Be2
O-O 9. O-O Bd7 10. h3 Rc8 11. Rc1 a6 12. Nf3 Ne5 13. Nd2 Bc6 14. f4 Ned7 15. b4
b6 16. Bd3 Bb7 17. Bb1 Ne8 18. Qb3 e6 19. Nf3 Qc7 20. Ne2 Nef6 21. Ng3 Qb8 22.
Rfd1 Rfd8 23. Ng5 h6 24. Nf3 b5 25. cxb5 axb5 1-0

[Event "19. Open de la Constitución 2017"]
[Site "San Sebastian de los Reyes ES"]
[Date "2017.12.08"]
[Round "7.4"]
[White "Cardenas Serrano, Sergio"]
[Black "Roa Alonso, Santiago"]
[Result "0-1"]
[WhiteElo "2123"]
[BlackElo "2354"]
[PlyCount "116"]
[EventDate "2017.12.02"]
[EventType "swiss"]
[EventRounds "9"]
[EventCountry "ESP"]
[SourceTitle "Ajedrez en Madrid"]
[Source "lmi"]
[SourceDate "2017.12.02"]
[SourceVersion "1"]
[SourceVersionDate "2017.12.16"]
[SourceQuality "1"]

1. e4 d6 2. d4 Nf6 3. Nc3 c6 4. a4 Nbd7 5. Nf3 e5 6. Bc4 Be7 7. O-O O-O 8. h3
exd4 9. Nxd4 Nc5 10. Re1 a5 11. Qf3 Nfd7 12. Bf4 Bf6 13. Rad1 Ne5 14. Qe2 Qb6
15. Bb3 Ned3 16. cxd3 Bxd4 17. Bc4 Bxc3 18. bxc3 Nxa4 19. Bxd6 Nxc3 20. Qf3
Nxd1 21. Bxf8 Qxf2+ 22. Qxf2 Nxf2 23. Bc5 b5 24. Kxf2 bxc4 25. dxc4 Be6 26. Rc1
h5 27. h4 Rb8 28. Bd6 Rb2+ 29. Kf1 Ra2 30. c5 Ra4 31. Re1 Rc4 32. Ra1 a4 33. g3
Rxe4 34. Kf2 Kh7 35. Kf3 Bd5 36. Kf2 Kg6 37. Ra3 f6 38. Bf8 Bb3 39. Ra1 Re8 40.
Bd6 Kf5 41. Kf3 Bd5+ 42. Kf2 Re4 43. Bf8 g5 44. hxg5 fxg5 45. Bd6 Kg4 46. Ra3
Rb4 47. Be5 Bb3 48. Ra1 Rc4 49. Bd6 Rc3 50. Kg2 Bd5+ 51. Kf2 a3 52. Be5 Rf3+
53. Ke2 a2 54. Rg1 Bc4+ 55. Kd2 Rf1 56. Rxf1 Bxf1 57. Ke1 Bc4 58. Kf2 Kf5 0-1

[Event "19. Open de la Constitución 2017"]
[Site "San Sebastian de los Reyes ES"]
[Date "2017.12.08"]
[Round "7.5"]
[White "Perez Gonzalez, Jose Manuel"]
[Black "Gonzalez Berrendero, Carlos"]
[Result "1-0"]
[WhiteElo "2226"]
[BlackElo "1854"]
[PlyCount "63"]
[EventDate "2017.12.02"]
[EventType "swiss"]
[EventRounds "9"]
[EventCountry "ESP"]
[SourceTitle "Ajedrez en Madrid"]
[Source "lmi"]
[SourceDate "2017.12.02"]
[SourceVersion "1"]
[SourceVersionDate "2017.12.16"]
[SourceQuality "1"]

1. e4 c5 2. Nf3 d6 3. d4 cxd4 4. Nxd4 Nf6 5. Nc3 a6 6. Bc4 e6 7. O-O Be7 8. Bb3
O-O 9. f4 Nbd7 10. Be3 Qc7 11. g4 Nc5 12. Qf3 b5 13. g5 Nfxe4 14. Nxe4 Bb7 15.
Nxe6 Nxe6 16. Rad1 Rae8 17. Bd5 Bxd5 18. Rxd5 Nc5 19. Bxc5 dxc5 20. Rfd1 Rd8
21. Nc3 c4 22. Rxd8 Rxd8 23. Nd5 Qc5+ 24. Kg2 Kf8 25. Qe4 g6 26. Qe5 f6 27.
gxf6 Bd6 28. Qg5 Bxf4 29. Qxf4 Rxd5 30. Qb8+ Kf7 31. Qb7+ Ke6 32. Qxd5+ 1-0

[Event "19. Open de la Constitución 2017"]
[Site "San Sebastian de los Reyes ES"]
[Date "2017.12.08"]
[Round "7.6"]
[White "Hernandez Ramos, David"]
[Black "Alfaya Marcelo, Roberto"]
[Result "1-0"]
[WhiteElo "2054"]
[BlackElo "2193"]
[PlyCount "87"]
[EventDate "2017.12.02"]
[EventType "swiss"]
[EventRounds "9"]
[EventCountry "ESP"]
[SourceTitle "Ajedrez en Madrid"]
[Source "lmi"]
[SourceDate "2017.12.02"]
[SourceVersion "1"]
[SourceVersionDate "2017.12.16"]
[SourceQuality "1"]

1. d4 c5 2. d5 Nf6 3. c4 b5 4. cxb5 a6 5. bxa6 g6 6. Nc3 Bxa6 7. e4 Bxf1 8.
Kxf1 d6 9. g3 Bg7 10. Kg2 O-O 11. Nf3 Nbd7 12. Re1 Ra6 13. h3 Qa8 14. Bf4 h6
15. e5 Nh5 16. Qc1 Nxf4+ 17. gxf4 dxe5 18. fxe5 e6 19. Qd1 Rd8 20. Kg1 Nb6 21.
d6 Na4 22. Nxa4 Rxa4 23. a3 Rf4 24. Re3 g5 25. Nd2 Rd4 26. Qe2 Qd5 27. Nf3 Rf4
28. Rd1 Qc6 29. Ne1 Rd7 30. Ng2 Ra4 31. Qc2 Qb5 32. Rb3 Qc6 33. Rb8+ Bf8 34.
Rc1 Ra5 35. b4 Rb5 36. Rxb5 Qxb5 37. bxc5 Ra7 38. c6 Qxe5 39. c7 Rxa3 40. d7
Rxh3 41. f4 Qd4+ 42. Qf2 Qxd7 43. c8=Q Qd3 44. Qfc5 1-0

[Event "19. Open de la Constitución 2017"]
[Site "San Sebastian de los Reyes ES"]
[Date "2017.12.08"]
[Round "7.7"]
[White "Unciti Juan, Javier"]
[Black "Lozano Suarez, Luis Miguel"]
[Result "0-1"]
[WhiteElo "2037"]
[BlackElo "2163"]
[PlyCount "86"]
[EventDate "2017.12.02"]
[EventType "swiss"]
[EventRounds "9"]
[EventCountry "ESP"]
[SourceTitle "Ajedrez en Madrid"]
[Source "lmi"]
[SourceDate "2017.12.02"]
[SourceVersion "1"]
[SourceVersionDate "2017.12.16"]
[SourceQuality "1"]

1. d4 Nf6 2. Bg5 c5 3. d5 Qb6 4. Nc3 Qxb2 5. Bd2 Qb6 6. e4 d6 7. f4 a6 8. Nf3
g6 9. e5 Ng8 10. Bc4 Bg7 11. Qe2 Nd7 12. O-O Nh6 13. exd6 Qxd6 14. Rae1 O-O 15.
Qxe7 Qxe7 16. Rxe7 b5 17. Be2 Nf5 18. Re4 Nf6 19. Re5 Ne8 20. g4 Nfd6 21. h3 f5
22. Ng5 fxg4 23. hxg4 h6 24. Nge4 b4 25. Nxd6 Bxe5 26. fxe5 Rxf1+ 27. Kxf1 Nxd6
28. Na4 Ne4 29. Be1 Bb7 30. Nb6 Rf8+ 31. Kg1 Rd8 32. Bc4 Kf8 33. Kg2 Re8 34.
Kf3 Ng5+ 35. Kf4 Ke7 36. Ke3 Rf8 37. Bh4 Rf3+ 38. Ke2 Rf4 39. d6+ Kd8 40. e6
Rxg4 41. e7+ Ke8 42. Nd5 Re4+ 43. Kd3 Rd4+ 0-1

[Event "19. Open de la Constitución 2017"]
[Site "San Sebastian de los Reyes ES"]
[Date "2017.12.08"]
[Round "7.9"]
[White "Camarero Izquierdo, Juan Carlos"]
[Black "Quevedo Marin, Manuel"]
[Result "0-1"]
[WhiteElo "1852"]
[BlackElo "2241"]
[PlyCount "86"]
[EventDate "2017.12.02"]
[EventType "swiss"]
[EventRounds "9"]
[EventCountry "ESP"]
[SourceTitle "Ajedrez en Madrid"]
[Source "lmi"]
[SourceDate "2017.12.02"]
[SourceVersion "1"]
[SourceVersionDate "2017.12.16"]
[SourceQuality "1"]

1. d4 Nf6 2. Nc3 d5 3. Bg5 c5 4. e3 e6 5. f4 h6 6. Bxf6 gxf6 7. Nf3 Nc6 8. Bb5
a6 9. Bxc6+ bxc6 10. O-O Bd6 11. Nh4 cxd4 12. exd4 f5 13. Qh5 Qf6 14. Ne2 Rb8
15. b3 a5 16. Nf3 c5 17. c3 Ba6 18. Ne5 Rc8 19. Rfc1 Rc7 20. Kh1 Ke7 21. dxc5
Rxc5 22. Nd4 Rhc8 23. Qf3 R8c7 24. h3 Qg7 25. Qe3 Bxe5 26. fxe5 Qg5 27. Qe1 Qf4
28. Nf3 Bd3 29. a3 Be4 30. b4 Rc4 31. Nd2 Qg5 32. Nxe4 Rxe4 33. Qd1 f4 34. c4
Qxe5 35. c5 axb4 36. a4 Re2 37. Qb3 Qd4 38. c6 Rxc6 39. Rxc6 Qxa1+ 40. Kh2 Qd4
41. a5 Re1 42. h4 Qg1+ 43. Kh3 Re3+ 0-1

[Event "19. Open de la Constitución 2017"]
[Site "San Sebastian de los Reyes ES"]
[Date "2017.12.08"]
[Round "7.10"]
[White "Rodriguez Garcia, Alberto"]
[Black "Robles Diaz, Jose Alberto"]
[Result "0-1"]
[WhiteElo "1727"]
[BlackElo "2136"]
[PlyCount "42"]
[EventDate "2017.12.02"]
[EventType "swiss"]
[EventRounds "9"]
[EventCountry "ESP"]
[SourceTitle "Ajedrez en Madrid"]
[Source "lmi"]
[SourceDate "2017.12.02"]
[SourceVersion "1"]
[SourceVersionDate "2017.12.16"]
[SourceQuality "1"]

1. d4 Nf6 2. c4 e6 3. Nf3 b6 4. g3 Bb7 5. Bg2 Bb4+ 6. Bd2 Bxd2+ 7. Qxd2 d6 8.
Nc3 Nbd7 9. O-O O-O 10. Rfe1 Ne4 11. Nxe4 Bxe4 12. Ng5 Bxg2 13. Kxg2 e5 14. d5
a5 15. e4 Nc5 16. Rad1 Qd7 17. f4 exf4 18. Qxf4 Rae8 19. Nf3 Qa4 20. e5 dxe5
21. Rxe5 Qxd1 0-1

[Event "19. Open de la Constitución 2017"]
[Site "San Sebastian de los Reyes ES"]
[Date "2017.12.08"]
[Round "7.11"]
[White "Vazquez Gonzalez, Jesus"]
[Black "Chidichimo, Pedro Jose Maria"]
[Result "1-0"]
[WhiteElo "1943"]
[BlackElo "1791"]
[PlyCount "47"]
[EventDate "2017.12.02"]
[EventType "swiss"]
[EventRounds "9"]
[EventCountry "ESP"]
[SourceTitle "Ajedrez en Madrid"]
[Source "lmi"]
[SourceDate "2017.12.02"]
[SourceVersion "1"]
[SourceVersionDate "2017.12.16"]
[SourceQuality "1"]

1. c4 f5 2. g3 Nf6 3. Bg2 e6 4. Nc3 Be7 5. Nh3 O-O 6. d4 d6 7. O-O a5 8. b3 e5
9. e3 Nc6 10. Bb2 h6 11. Nd5 Bd7 12. dxe5 dxe5 13. Qe2 Bd6 14. Rfd1 Kh8 15. f4
Qe8 16. c5 Bxc5 17. Nxc7 Qe7 18. Nxa8 Rxa8 19. fxe5 Ng4 20. Nf4 Bxe3+ 21. Qxe3
Nxe3 22. Ng6+ Kh7 23. Nxe7 Nxd1 24. Rxd1 1-0

[Event "19. Open de la Constitución 2017"]
[Site "San Sebastian de los Reyes ES"]
[Date "2017.12.08"]
[Round "7.12"]
[White "Fernandez Diaz, Ricardo"]
[Black "Bartolome Martin, Angel"]
[Result "0-1"]
[WhiteElo "1493"]
[BlackElo "1936"]
[PlyCount "76"]
[EventDate "2017.12.02"]
[EventType "swiss"]
[EventRounds "9"]
[EventCountry "ESP"]
[SourceTitle "Ajedrez en Madrid"]
[Source "lmi"]
[SourceDate "2017.12.02"]
[SourceVersion "1"]
[SourceVersionDate "2017.12.16"]
[SourceQuality "1"]

1. d4 Nf6 2. c4 c5 3. Nf3 e6 4. Nc3 Be7 5. e3 O-O 6. Bd3 b6 7. Ne4 Bb7 8. Nxf6+
Bxf6 9. O-O Nc6 10. a3 cxd4 11. exd4 d5 12. Be3 dxc4 13. Bxc4 Ne7 14. Rc1 Nd5
15. Qd3 Qe7 16. Bb3 Rfd8 17. Bc2 g6 18. Qd2 a6 19. Bd1 Rd7 20. Ne5 Bxe5 21.
dxe5 Nf4 22. Qxd7 Nh3+ 23. gxh3 Qxd7 24. Bxb6 Qd5 25. f3 Qxe5 26. Rc3 Qg5+ 27.
Kh1 Qb5 28. Rg1 Qxb6 29. Rb3 Qc7 30. Rc3 Qe7 31. Be2 Rc8 32. Rb3 Bd5 33. Rb4
Rc2 34. Rg2 Qf6 35. Rb8+ Kg7 36. Rb4 Bxf3 37. Bxf3 Qxf3 38. Rbg4 Rc1# 0-1

[Event "19. Open de la Constitución 2017"]
[Site "San Sebastian de los Reyes ES"]
[Date "2017.12.08"]
[Round "7.13"]
[White "De Vicente Guijarro, Juan"]
[Black "Alvarez Gonzalez, Eduardo"]
[Result "1/2-1/2"]
[WhiteElo "1879"]
[BlackElo "1789"]
[PlyCount "76"]
[EventDate "2017.12.02"]
[EventType "swiss"]
[EventRounds "9"]
[EventCountry "ESP"]
[SourceTitle "Ajedrez en Madrid"]
[Source "lmi"]
[SourceDate "2017.12.02"]
[SourceVersion "1"]
[SourceVersionDate "2017.12.16"]
[SourceQuality "1"]

1. e4 c6 2. d4 d5 3. f3 e6 4. Bd3 dxe4 5. fxe4 Qxd4 6. Nf3 Qb6 7. Nbd2 Ne7 8.
Nc4 Qc7 9. Bg5 Ng6 10. Qd2 e5 11. O-O-O f6 12. Rhf1 Be6 13. Be3 Nd7 14. Na5 Nb6
15. Be2 Be7 16. h4 Rd8 17. Bd3 Nc4 18. Nxc4 Bxc4 19. h5 Bxd3 20. cxd3 Nf8 21.
Nh4 Ne6 22. Nf5 Bc5 23. g4 h6 24. Qf2 Bxe3+ 25. Qxe3 Nd4 26. Qf2 Qf7 27. Kb1
Rd7 28. Qd2 Qe6 29. Qb4 Kf7 30. Nxd4 exd4 31. Rf5 Re8 32. Rdf1 Kg8 33. g5 fxg5
34. Rf8+ Rxf8 35. Qxf8+ Kh7 36. Qc8 Re7 37. Qd8 Re8 38. Qxd4 b6 1/2-1/2

[Event "19. Open de la Constitución 2017"]
[Site "San Sebastian de los Reyes ES"]
[Date "2017.12.08"]
[Round "7.14"]
[White "Fernandez Garcia, Ignacio"]
[Black "Perez Cameselle, Francisco Jose"]
[Result "1/2-1/2"]
[WhiteElo "1861"]
[BlackElo "1755"]
[PlyCount "112"]
[EventDate "2017.12.02"]
[EventType "swiss"]
[EventRounds "9"]
[EventCountry "ESP"]
[SourceTitle "Ajedrez en Madrid"]
[Source "lmi"]
[SourceDate "2017.12.02"]
[SourceVersion "1"]
[SourceVersionDate "2017.12.16"]
[SourceQuality "1"]

1. e4 e6 2. d4 d5 3. e5 c5 4. c3 Nc6 5. Nf3 Qb6 6. Bd3 Bd7 7. dxc5 Bxc5 8. O-O
a5 9. b3 Nge7 10. Na3 O-O 11. c4 Bd4 12. Nxd4 Qxd4 13. Nc2 Qxe5 14. Re1 Qc7 15.
cxd5 Nxd5 16. Bb2 f5 17. Rc1 Qf4 18. Bc4 Nb6 19. Bxe6+ Bxe6 20. Rxe6 Rad8 21.
Qe1 Qd2 22. Ba3 Qxe1+ 23. Rcxe1 Rf6 24. R6e2 f4 25. f3 g5 26. Kf2 Nd5 27. Rd2
b5 28. Bc5 Kf7 29. Red1 Rf5 30. Nd4 Nxd4 31. Bxd4 Nb4 32. Bb6 Rxd2+ 33. Rxd2
Nc6 34. Rd7+ Ke6 35. Rxh7 a4 36. g4 fxg3+ 37. hxg3 axb3 38. axb3 Nb4 39. g4 Rd5
40. Rh6+ Kf7 41. Bc7 Rd2+ 42. Kg3 Rd3 43. Rd6 Rxb3 44. Bd8 Rd3 45. Rxd3 Nxd3
46. Bxg5 b4 47. Bd2 b3 48. Bc3 b2 49. Bxb2 Nxb2 50. f4 Nc4 51. f5 Nd6 52. Kf4
Kg7 53. g5 Nxf5 54. Kxf5 Kf7 55. g6+ Kg7 56. Kg5 Kg8 1/2-1/2

[Event "19. Open de la Constitución 2017"]
[Site "San Sebastian de los Reyes ES"]
[Date "2017.12.08"]
[Round "7.15"]
[White "Anton Quevedo, Andrea"]
[Black "Llamas Aliste, Alberto"]
[Result "1/2-1/2"]
[WhiteElo "1994"]
[BlackElo "1678"]
[PlyCount "141"]
[EventDate "2017.12.02"]
[EventType "swiss"]
[EventRounds "9"]
[EventCountry "ESP"]
[SourceTitle "Ajedrez en Madrid"]
[Source "lmi"]
[SourceDate "2017.12.02"]
[SourceVersion "1"]
[SourceVersionDate "2017.12.16"]
[SourceQuality "1"]

1. e4 e5 2. Nf3 Nc6 3. Bc4 Bc5 4. c3 Nf6 5. d4 exd4 6. O-O Nxe4 7. cxd4 d5 8.
dxc5 dxc4 9. Qe2 Qd3 10. Re1 f5 11. Nc3 O-O 12. Nxe4 fxe4 13. Qxe4 Bf5 14. Qh4
Rae8 15. Be3 Re4 16. Qg3 Rg4 17. Qh3 Rg6 18. Qh4 Rg4 19. Qh5 Qe4 20. Kh1 Bg6
21. Qh3 Qf5 22. Nh4 Qh5 23. Nxg6 Qxh3 24. gxh3 Rxg6 25. Rg1 Rxg1+ 26. Kxg1 Ne5
27. Rc1 Rf6 28. Kf1 Nd3 29. Rxc4 Nxb2 30. Rd4 Ra6 31. Rd8+ Kf7 32. Rd7+ Ke6 33.
Rxc7 Nc4 34. Bd4 Kd5 35. Bxg7 Rxa2 36. Rxb7 Nd2+ 37. Ke1 Kc6 38. Rf7 a5 39. Bd4
a4 40. Rf6+ Kd5 41. Be3 Ne4 42. Rf5+ Kc6 43. Re5 Nc3 44. Re6+ Kd5 45. Rd6+ Kc4
46. Kf1 Ra1+ 47. Kg2 a3 48. c6 Nb5 49. Rd2 Kc3 50. c7 Nxc7 51. Bd4+ Kxd2 52.
Bxa1 Kc2 53. Kg3 Kb1 54. Be5 a2 55. f4 a1=Q 56. Bxa1 Kxa1 57. f5 Kb2 58. Kf4
Ne8 59. Kg5 Kc3 60. f6 Nd6 61. Kh6 Kd4 62. Kxh7 Ke5 63. Kg6 Ke6 64. h4 Nf7 65.
h5 Ne5+ 66. Kg7 Nf7 67. h4 Nh6 68. Kxh6 Kxf6 69. Kh7 Kf7 70. h6 Kf8 71. Kg6
1/2-1/2

[Event "19. Open de la Constitución 2017"]
[Site "San Sebastian de los Reyes ES"]
[Date "2017.12.08"]
[Round "7.16"]
[White "Martinez Miura, Enrique"]
[Black "Lozano Freras, Sergio"]
[Result "1/2-1/2"]
[WhiteElo "1643"]
[BlackElo "1972"]
[PlyCount "110"]
[EventDate "2017.12.02"]
[EventType "swiss"]
[EventRounds "9"]
[EventCountry "ESP"]
[SourceTitle "Ajedrez en Madrid"]
[Source "lmi"]
[SourceDate "2017.12.02"]
[SourceVersion "1"]
[SourceVersionDate "2017.12.16"]
[SourceQuality "1"]

1. e4 d6 2. d4 Nf6 3. Nc3 e5 4. dxe5 dxe5 5. Qxd8+ Kxd8 6. a3 Bc5 7. Bg5 Be6 8.
Nd5 Nbd7 9. Rd1 Kc8 10. Nxf6 Nxf6 11. Bxf6 gxf6 12. Nf3 Rg8 13. Rg1 c6 14. h3
b5 15. Bd3 a5 16. Ke2 Kc7 17. Nh4 Rg5 18. Nf5 Rag8 19. g3 Bxf5 20. exf5 Re8 21.
Be4 h5 22. Rd3 h4 23. g4 b4 24. axb4 axb4 25. Rgd1 Rg7 26. Ra1 Rgg8 27. Rad1
Re7 28. Ra1 Rb8 29. f3 Rd7 30. Rxd7+ Kxd7 31. Rd1+ Kc7 32. Ra1 Bd4 33. Ra6 Bb6
34. b3 Rd8 35. Ra1 Kb7 36. Rd1 Bd4 37. Rh1 Ra8 38. Rh2 Ra1 39. Bd3 Kc7 40. Be4
Kd6 41. Bd3 Ke7 42. Be4 c5 43. f4 exf4 44. Rh1 Rxh1 45. Bxh1 Kd6 46. Be4 Ke5
47. Bd3 Be3 48. Kf3 Kd4 49. Ke2 Kc3 50. Kf3 Kd2 51. Be4 Kd1 52. Bd3 Ke1 53. Bc4
Kd2 54. Bd3 Kc3 55. Ke2 Bd4 1/2-1/2

[Event "19. Open de la Constitución 2017"]
[Site "San Sebastian de los Reyes ES"]
[Date "2017.12.08"]
[Round "7.17"]
[White "Vazquez Rodriguez, Francisco"]
[Black "Garcia Prados, David"]
[Result "1/2-1/2"]
[WhiteElo "1585"]
[BlackElo "1953"]
[PlyCount "131"]
[EventDate "2017.12.02"]
[EventType "swiss"]
[EventRounds "9"]
[EventCountry "ESP"]
[SourceTitle "Ajedrez en Madrid"]
[Source "lmi"]
[SourceDate "2017.12.02"]
[SourceVersion "1"]
[SourceVersionDate "2017.12.16"]
[SourceQuality "1"]

1. e4 c5 2. c3 e6 3. d4 d5 4. exd5 Qxd5 5. Nf3 Nf6 6. Be2 Nc6 7. O-O Be7 8. Bg5
O-O 9. dxc5 Qxc5 10. Be3 Qa5 11. Qc2 Ng4 12. Bf4 e5 13. Bg3 Be6 14. Nbd2 Qc7
15. h3 Nh6 16. Bc4 Bf5 17. Bd3 g6 18. Rfe1 Bf6 19. Nc4 Rfe8 20. Ne3 Bxd3 21.
Qxd3 Bg7 22. Qc2 Rad8 23. Rad1 f5 24. Qb3+ Qf7 25. Qxf7+ Nxf7 26. Nc4 e4 27.
Nfd2 b5 28. Ne3 b4 29. Nb1 Nfe5 30. Bxe5 Nxe5 31. Rf1 a5 32. Nc2 Nd3 33. cxb4
axb4 34. b3 Ra8 35. a3 bxa3 36. Nbxa3 Reb8 37. Rb1 Bf8 38. Nc4 Ra2 39. Ne1 Nxf2
40. Rxf2 Bc5 41. Rbb2 Rxb2 42. Nxb2 Rxb3 43. Na4 Bxf2+ 44. Kxf2 Kf7 45. Nc5
Rb2+ 46. Kf1 g5 47. Na4 Ra2 48. Nc3 Ra1 49. Ke2 Ke6 50. Kf2 Ke5 51. Ne2 Ra2 52.
Ke3 f4+ 53. Kf2 h5 54. Kf1 g4 55. hxg4 hxg4 56. Kf2 f3 57. gxf3 gxf3 58. Nxf3+
exf3 59. Kxf3 Ra3+ 60. Kf2 Ke4 61. Ng3+ Kf4 62. Ne2+ Kg4 63. Ng1 Rb3 64. Ne2
Rb2 65. Ke3 Rxe2+ 66. Kxe2 1/2-1/2

[Event "19. Open de la Constitución 2017"]
[Site "San Sebastian de los Reyes ES"]
[Date "2017.12.08"]
[Round "7.18"]
[White "Vazquez Gonzalez, Francisco"]
[Black "Karunanithi, Bharath"]
[Result "1-0"]
[WhiteElo "1931"]
[BlackElo "1550"]
[PlyCount "35"]
[EventDate "2017.12.02"]
[EventType "swiss"]
[EventRounds "9"]
[EventCountry "ESP"]
[SourceTitle "Ajedrez en Madrid"]
[Source "lmi"]
[SourceDate "2017.12.02"]
[SourceVersion "1"]
[SourceVersionDate "2017.12.16"]
[SourceQuality "1"]

1. e4 c5 2. Nf3 d6 3. d4 cxd4 4. Nxd4 Nf6 5. Nc3 a6 6. Qf3 e6 7. Be2 Be7 8. Qg3
Bf8 9. Bg5 g6 10. O-O-O Bg7 11. e5 dxe5 12. Nf5 Nbd7 13. Nxg7+ Kf8 14. Bh6 Kg8
15. Nh5 Qa5 16. Nxf6+ Nxf6 17. Qg5 Ne8 18. Qe7 1-0